Urban Consolidation Centres : On Relationships Between Customer Needs and Services in City Logistics.

Bibliographic Details
Main Author: Johansson, Henrik.
Format: eBook
Language:English
Published: Linköping : Linkopings Universitet, 2018.
Edition:1st ed.
Series:Linköping Studies in Science and Technology. Licentiate Thesis Series
Subjects:
Online Access:Click to View
LEADER 01615nam a22003613i 4500
001 EBC30401404
003 MiAaPQ
005 20240729202205.0
006 m o d |
007 cr cnu||||||||
008 240729s2018 xx o ||||0 eng d
020 |a 9789176853801  |q (electronic bk.) 
035 |a (MiAaPQ)EBC30401404 
035 |a (Au-PeEL)EBL30401404 
035 |a (OCoLC)1372396774 
040 |a MiAaPQ  |b eng  |e rda  |e pn  |c MiAaPQ  |d MiAaPQ 
100 1 |a Johansson, Henrik. 
245 1 0 |a Urban Consolidation Centres :  |b On Relationships Between Customer Needs and Services in City Logistics. 
250 |a 1st ed. 
264 1 |a Linköping :  |b Linkopings Universitet,  |c 2018. 
264 4 |c {copy}2018. 
300 |a 1 online resource (69 pages) 
336 |a text  |b txt  |2 rdacontent 
337 |a computer  |b c  |2 rdamedia 
338 |a online resource  |b cr  |2 rdacarrier 
490 1 |a Linköping Studies in Science and Technology. Licentiate Thesis Series ;  |v v.1800 
588 |a Description based on publisher supplied metadata and other sources. 
590 |a Electronic reproduction. Ann Arbor, Michigan : ProQuest Ebook Central, 2024. Available via World Wide Web. Access may be limited to ProQuest Ebook Central affiliated libraries.  
655 4 |a Electronic books. 
776 0 8 |i Print version:  |a Johansson, Henrik  |t Urban Consolidation Centres  |d Linköping : Linkopings Universitet,c2018 
797 2 |a ProQuest (Firm) 
830 0 |a Linköping Studies in Science and Technology. Licentiate Thesis Series 
856 4 0 |u https://ebookcentral.proquest.com/lib/matrademy/detail.action?docID=30401404  |z Click to View